Statistics for Click The Kinks Song Title Endings

Click here to take the quiz!

General Stats

  • This quiz has been taken 50 times
  • The average score is 16 of 19

Answer Stats

HintAnswer% Correct
All Day and All of theNight
98%
Don’t Forget toDance
96%
Set MeFree
96%
Dead EndStreet
96%
SunnyAfternoon
93%
Tired of Waiting forYou
93%
You Really GotMe
91%
A Well RespectedMan
89%
Dedicated Follower ofFashion
87%
See MyFriends
87%
WaterlooSunset
87%
Death of aClown
84%
Supersonic RocketShip
82%
Till the End of theDay
80%
BetterThings
76%
ComeDancing
73%
Susanna’s StillAlive
67%
Ev’rybody’s Gonna beHappy
67%
AutumnAlmanac
64%

Score Distribution

Percentile by Number Answered

Percent of People with Each Score

Your Score History

You have not taken this quiz